=LDR 00000nam 2200000 4500 =001 INLIS000000000050593 =005 20221223073207 =035 ##$$a 0010-0517000246 =007 ta =008 221223################g##########0#ind## =020 ##$$a 978-602-7637-29-0 =082 ##$$a R. 297.14 =084 ##$$a R. 297.14 ALJ m =100 #$$a Aljazairi, Abu Bakar Jabir =245 1#$$a Minhajul muslim : $b Pedoman hidup harian seorang muslim /$c Abu Bakar Jabir Al-Jazairi =250 ##$$a Cet.3 =260 ##$$a Jakarta :$b Ummul Qura,$c 2016 =300 ##$$a 1032 hlm : $b ilus ; $c 25 x 18 cm =650 #4$$a Fiqih =990 ##$$a 31701112 =990 ##$$a 31701111